[Event "Championnat de la Réunion Individuel 2026"]
[Site "Reunion"]
[Date "????.??.??"]
[Round "9.1"]
[White "RIVIERE, Etienne"]
[Black "PAYET, Nathan"]
[Result "1-0"]
[WhiteTitle "-"]
[BlackTitle "-"]
[WhiteFideId "-"]
[BlackFideId "-"]
[WhiteElo "2062"]
[BlackElo "1913"]

1. d4 {[%clk 01:13:48]} {[%emt 00:02:11]} Nf6 {[%clk 01:15:52]} {[%emt
00:00:09]} 2. Nf3 {[%clk 01:13:38]} {[%emt 00:00:39]} g6 {[%clk 01:15:29]}
{[%emt 00:00:53]} 3. Nbd2 {[%clk 01:13:53]} {[%emt 00:00:16]} Bg7 {[%clk
01:14:14]} {[%emt 00:01:44]} 4. e4 {[%clk 01:14:03]} {[%emt 00:00:19]} d6
{[%clk 01:14:26]} {[%emt 00:00:18]} 5. Bd3 {[%clk 01:14:24]} {[%emt 00:00:09]}
c5 {[%clk 01:12:45]} {[%emt 00:02:11]} 6. c3 {[%clk 01:13:53]} {[%emt
00:01:01]} O-O {[%clk 01:10:04]} {[%emt 00:03:11]} 7. O-O {[%clk 01:13:51]}
{[%emt 00:00:31]} b6 {[%clk 01:06:10]} {[%emt 00:04:25]} 8. Re1 {[%clk
01:12:14]} {[%emt 00:02:07]} cxd4 {[%clk 01:00:36]} {[%emt 00:06:05]} 9. cxd4
{[%clk 01:11:57]} {[%emt 00:00:46]} Nc6 {[%clk 00:58:38]} {[%emt 00:02:28]} 10.
d5 {[%clk 01:07:23]} {[%emt 00:05:04]} Nb4 {[%clk 00:52:50]} {[%emt 00:06:17]}
11. Nb3 {[%clk 01:00:52]} {[%emt 00:07:01]} Nxd3 {[%clk 00:49:35]} {[%emt
00:03:45]} 12. Qxd3 {[%clk 01:01:09]} {[%emt 00:00:12]} Nd7 {[%clk 00:49:15]}
{[%emt 00:00:50]} 13. Nbd4 {[%clk 00:58:41]} {[%emt 00:02:58]} Bb7 {[%clk
00:48:09]} {[%emt 00:01:36]} 14. Bd2 {[%clk 00:55:16]} {[%emt 00:03:55]} Ne5
{[%clk 00:39:57]} {[%emt 00:08:41]} 15. Nxe5 {[%clk 00:53:51]} {[%emt
00:01:55]} Bxe5 {[%clk 00:31:51]} {[%emt 00:08:36]} 16. Rac1 {[%clk 00:49:24]}
{[%emt 00:04:56]} Rc8 {[%clk 00:27:14]} {[%emt 00:05:08]} 17. b4 {[%clk
00:47:02]} {[%emt 00:02:52]} Qd7 {[%clk 00:22:22]} {[%emt 00:05:22]} 18. b5
{[%clk 00:44:41]} {[%emt 00:02:52]} Bxd4 {[%clk 00:19:37]} {[%emt 00:03:15]} 19.
Qxd4 {[%clk 00:44:49]} {[%emt 00:00:21]} f6 {[%clk 00:18:40]} {[%emt 00:01:27]}
20. a4 {[%clk 00:42:26]} {[%emt 00:02:54]} Rxc1 {[%clk 00:15:21]} {[%emt
00:03:49]} 21. Rxc1 {[%clk 00:38:21]} {[%emt 00:04:34]} Rc8 {[%clk 00:13:54]}
{[%emt 00:01:57]} 22. f3 {[%clk 00:31:59]} {[%emt 00:06:53]} Rxc1+ {[%clk
00:12:51]} {[%emt 00:01:33]} 23. Bxc1 {[%clk 00:32:25]} {[%emt 00:00:04]} Qc7
{[%clk 00:12:43]} {[%emt 00:00:38]} 24. Be3 {[%clk 00:31:51]} {[%emt 00:01:04]}
Qc5 {[%clk 00:09:36]} {[%emt 00:03:37]} 25. Qd3 {[%clk 00:27:43]} {[%emt
00:08:44]} Qc7 {[%clk 00:08:47]} 26. Kf2 {[%clk 00:27:22]} Kf7 {[%clk
00:07:54]} 27. Ke1 {[%clk 00:26:40]} {[%emt 00:04:43]} Bc8 {[%clk 00:07:47]} 28.
Kd2 {[%clk 00:26:05]} h5 {[%clk 00:06:26]} 29. Bd4 {[%clk 00:23:54]} {[%emt
00:02:09]} Bd7 {[%clk 00:04:47]} {[%emt 00:02:10]} 30. h4 {[%clk 00:22:21]}
{[%emt 00:02:03]} e6 {[%clk 00:02:54]} {[%emt 00:02:23]} 31. dxe6+ {[%clk
00:21:09]} {[%emt 00:01:41]} Bxe6 {[%clk 00:03:23]} {[%emt 00:00:02]} 32. Qc3
{[%clk 00:19:05]} {[%emt 00:02:35]} Qxc3+ {[%clk 00:01:59]} {[%emt 00:01:53]}
33. Kxc3 {[%clk 00:19:27]} {[%emt 00:00:08]} g5 {[%clk 00:01:59]} {[%emt
00:00:30]} 34. hxg5 {[%clk 00:18:02]} {[%emt 00:01:55]} fxg5 {[%clk 00:02:28]}
{[%emt 00:00:02]} 35. Kb4 {[%clk 00:17:32]} {[%emt 00:01:00]} Ke7 {[%clk
00:01:46]} {[%emt 00:01:12]} 36. a5 {[%clk 00:17:21]} {[%emt 00:00:41]} Kd7
{[%clk 00:01:11]} {[%emt 00:01:04]} 37. axb6 {[%clk 00:17:23]} {[%emt
00:00:28]} axb6 {[%clk 00:01:40]} {[%emt 00:00:01]} 38. Bxb6 {[%clk 00:17:33]}
{[%emt 00:00:20]} h4 {[%clk 00:01:44]} {[%emt 00:00:26]} 39. Ka5 {[%clk
00:12:15]} {[%emt 00:05:49]} Kc8 {[%clk 00:01:33]} {[%emt 00:00:41]} 40. Be3
{[%clk 00:10:48]} {[%emt 00:01:56]} h3 {[%clk 00:01:05]} {[%emt 00:00:58]} 41.
gxh3 {[%clk 00:10:34]} {[%emt 00:00:44]} Bxh3 {[%clk 00:01:34]} {[%emt
00:00:01]} 42. Ka6 {[%clk 00:10:03]} {[%emt 00:01:01]} Kb8 {[%clk 00:01:31]}
{[%emt 00:00:34]} 43. Bxg5 {[%clk 00:09:17]} {[%emt 00:01:15]} Bg2 {[%clk
00:01:49]} {[%emt 00:00:12]} 44. Bf4 {[%clk 00:09:05]} {[%emt 00:00:42]} Bxf3
{[%clk 00:01:58]} {[%emt 00:00:21]} 45. Bxd6+ {[%clk 00:09:25]} {[%emt
00:00:10]} Kc8 {[%clk 00:01:57]} {[%emt 00:00:30]} 46. e5 {[%clk 00:09:44]}
{[%emt 00:00:11]} Bd5 {[%clk 00:02:09]} {[%emt 00:00:16]} 47. b6 {[%clk
00:09:42]} {[%emt 00:00:34]} Bb7+ {[%clk 00:01:53]} {[%emt 00:00:46]} 48. Ka7
{[%clk 00:09:53]} {[%emt 00:00:19]} Bd5 {[%clk 00:01:53]} {[%emt 00:00:31]} 49.
e6 {[%clk 00:09:43]} {[%emt 00:00:40]} Bc6 {[%clk 00:01:38]} {[%emt 00:00:45]}
50. e7 {[%clk 00:09:02]} {[%emt 00:01:10]} Kd7 {[%clk 00:01:34]} {[%emt
00:00:35]} 51. Bc5 {[%clk 00:08:11]} {[%emt 00:01:20]} 1-0

[Event "Championnat de la Réunion Individuel 2026"]
[Site "Reunion"]
[Date "????.??.??"]
[Round "9.3"]
[White "LAMBERT HOAREAU, Guillaume"]
[Black "MEZOUAGHI, Miloud"]
[Result "0-1"]
[WhiteTitle "-"]
[BlackTitle "-"]
[WhiteFideId "-"]
[BlackFideId "-"]
[WhiteElo "1901"]
[BlackElo "1994"]

1. e4 {[%clk 01:15:44]} {[%emt 00:00:15]} c5 {[%clk 01:10:31]} {[%emt
00:05:30]} 2. Nf3 {[%clk 01:16:01]} {[%emt 00:00:13]} d6 {[%clk 01:10:56]}
{[%emt 00:00:05]} 3. Bb5+ {[%clk 01:16:25]} {[%emt 00:00:06]} Nd7 {[%clk
01:10:30]} {[%emt 00:00:55]} 4. Ba4 {[%clk 01:16:32]} {[%emt 00:00:23]} a6
{[%clk 01:04:05]} {[%emt 00:06:55]} 5. c4 {[%clk 01:16:45]} {[%emt 00:00:16]}
Ngf6 {[%clk 01:03:34]} {[%emt 00:01:01]} 6. Nc3 {[%clk 01:16:53]} {[%emt
00:00:22]} g6 {[%clk 01:01:02]} {[%emt 00:03:02]} 7. d3 {[%clk 01:16:28]}
{[%emt 00:00:56]} Bg7 {[%clk 01:01:23]} {[%emt 00:00:09]} 8. O-O {[%clk
01:15:42]} {[%emt 00:01:15]} O-O {[%clk 01:01:36]} {[%emt 00:00:17]} 9. h3
{[%clk 01:15:55]} {[%emt 00:00:17]} Rb8 {[%clk 00:51:01]} {[%emt 00:11:05]} 10.
Be3 {[%clk 01:12:25]} {[%emt 00:04:00]} e5 {[%clk 00:40:26]} {[%emt 00:11:05]}
11. Qd2 {[%clk 01:10:28]} {[%emt 00:02:27]} Nb6 {[%clk 00:31:58]} {[%emt
00:08:57]} 12. Bb3 {[%clk 01:07:38]} {[%emt 00:03:21]} Na8 {[%clk 00:29:26]}
{[%emt 00:03:02]} 13. a3 {[%clk 01:03:59]} {[%emt 00:04:08]} Nc7 {[%clk
00:28:53]} {[%emt 00:01:02]} 14. Ba2 {[%clk 00:58:41]} {[%emt 00:05:48]} Ne6
{[%clk 00:24:22]} {[%emt 00:05:02]} 15. Nh2 {[%clk 00:57:05]} {[%emt 00:02:06]}
Nh5 {[%clk 00:16:37]} {[%emt 00:08:15]} 16. Nd5 {[%clk 00:55:41]} {[%emt
00:01:54]} Nhf4 {[%clk 00:16:21]} {[%emt 00:00:45]} 17. Nf3 {[%clk 00:40:05]}
{[%emt 00:16:07]} g5 {[%clk 00:12:35]} {[%emt 00:04:16]} 18. Kh2 {[%clk
00:36:23]} {[%emt 00:04:11]} f5 {[%clk 00:11:21]} {[%emt 00:01:45]} 19. Ng1
{[%clk 00:33:04]} {[%emt 00:03:49]} Ng6 {[%clk 00:05:46]} {[%emt 00:06:05]} 20.
f3 {[%clk 00:32:05]} {[%emt 00:01:29]} f4 {[%clk 00:05:52]} {[%emt 00:00:25]}
21. Bf2 {[%clk 00:32:31]} {[%emt 00:00:04]} h5 {[%clk 00:06:09]} {[%emt
00:00:13]} 22. g4 {[%clk 00:27:50]} {[%emt 00:08:55]} fxg3+ {[%clk 00:04:37]}
23. Bxg3 {[%clk 00:28:09]} Nd4 {[%emt 00:04:43]} 24. Qg2 h4 {[%clk 00:03:18]}
25. Bf2 {[%clk 00:25:36]} Be6 {[%clk 00:02:47]} {[%emt 00:00:39]} 26. Be3
{[%clk 00:24:04]} {[%emt 00:02:02]} Nf4 {[%clk 00:02:35]} {[%emt 00:00:41]} 27.
Bxf4 {[%clk 00:23:59]} {[%emt 00:00:35]} exf4 {[%clk 00:02:35]} {[%emt
00:00:31]} 28. Rac1 {[%clk 00:19:57]} {[%emt 00:04:31]} Kh7 {[%clk 00:02:00]}
{[%emt 00:01:05]} 29. Ne2 {[%clk 00:19:39]} {[%emt 00:00:49]} Nc6 {[%clk
00:01:32]} {[%emt 00:00:59]} 30. Rc2 {[%clk 00:18:15]} {[%emt 00:01:53]} Rg8
{[%clk 00:01:20]} {[%emt 00:00:42]} 31. Nec3 {[%clk 00:17:33]} {[%emt
00:01:11]} Be5 {[%clk 00:01:39]} {[%emt 00:00:12]} 32. Qg1 {[%clk 00:14:00]}
{[%emt 00:04:03]} b6 {[%clk 00:01:48]} {[%emt 00:00:21]} 33. Nd1 {[%clk
00:14:11]} {[%emt 00:00:19]} Rb7 {[%clk 00:02:05]} {[%emt 00:00:13]} 34. Nf2
{[%clk 00:14:35]} {[%emt 00:00:05]} Nd4 {[%clk 00:02:27]} {[%emt 00:00:08]} 0-1

[Event "Championnat de la Réunion Individuel 2026"]
[Site "Reunion"]
[Date "????.??.??"]
[Round "10.1"]
[White "PAYET, Nathan"]
[Black "RIVIERE, Etienne"]
[Result "0-1"]
[WhiteTitle "-"]
[BlackTitle "-"]
[WhiteFideId "-"]
[BlackFideId "-"]
[WhiteElo "1913"]
[BlackElo "2062"]

1. e4 {[%clk 01:15:55]} {[%emt 00:00:05]} e5 {[%clk 01:15:44]} {[%emt
00:00:16]} 2. Nf3 {[%clk 01:16:13]} {[%emt 00:00:13]} Nc6 {[%clk 01:16:02]}
{[%emt 00:00:11]} 3. Bc4 {[%clk 01:16:35]} {[%emt 00:00:07]} Nf6 {[%clk
01:16:14]} {[%emt 00:00:18]} 4. d3 {[%clk 01:17:01]} {[%emt 00:00:05]} Be7
{[%clk 01:16:17]} {[%emt 00:00:27]} 5. c3 {[%clk 01:16:59]} {[%emt 00:00:32]}
O-O {[%clk 01:16:29]} {[%emt 00:00:16]} 6. Bb3 {[%clk 01:17:18]} {[%emt
00:00:12]} d5 {[%clk 01:14:01]} {[%emt 00:02:58]} 7. Qe2 {[%clk 01:14:17]}
{[%emt 00:03:31]} dxe4 {[%clk 01:12:05]} {[%emt 00:02:26]} 8. dxe4 {[%clk
01:14:44]} {[%emt 00:00:02]} h6 {[%clk 01:12:14]} {[%emt 00:00:21]} 9. O-O
{[%clk 01:07:40]} {[%emt 00:07:34]} Bc5 {[%clk 01:12:12]} {[%emt 00:00:32]} 10.
Rd1 {[%clk 01:06:23]} {[%emt 00:01:47]} Qe7 {[%clk 01:11:43]} {[%emt 00:01:00]}
11. Nbd2 {[%clk 01:05:41]} {[%emt 00:01:12]} Rd8 {[%clk 01:10:00]} {[%emt
00:02:13]} 12. h3 {[%clk 01:05:37]} {[%emt 00:00:35]} Be6 {[%clk 01:08:05]}
{[%emt 00:02:24]} 13. Bxe6 {[%clk 00:58:10]} {[%emt 00:07:58]} Qxe6 {[%clk
01:07:36]} {[%emt 00:00:58]} 14. b4 {[%clk 00:58:01]} {[%emt 00:00:40]} Bb6
{[%clk 01:06:50]} {[%emt 00:01:16]} 15. a4 {[%clk 00:53:33]} {[%emt 00:04:58]}
a5 {[%clk 01:05:41]} {[%emt 00:01:39]} 16. b5 {[%clk 00:51:31]} {[%emt
00:02:30]} Ne7 {[%clk 01:05:34]} {[%emt 00:00:37]} 17. Ba3 {[%clk 00:47:53]}
{[%emt 00:04:09]} Ng6 {[%clk 01:03:45]} {[%emt 00:02:19]} 18. c4 {[%clk
00:42:52]} {[%emt 00:05:32]} Nf4 {[%clk 01:02:04]} {[%emt 00:02:11]} 19. Qf1
{[%clk 00:43:21]} {[%emt 00:00:02]} Nd3 {[%clk 01:00:25]} {[%emt 00:02:08]} 20.
c5 {[%clk 00:38:25]} {[%emt 00:05:26]} Nxc5 {[%clk 00:50:07]} 21. Bxc5 {[%clk
00:38:25]} Bxc5 {[%emt 00:14:39]} 22. Rac1 {[%clk 00:37:12]} b6 {[%clk
00:49:23]} {[%emt 00:00:07]} 23. Qe2 {[%clk 00:37:03]} {[%emt 00:00:38]} c6
{[%clk 00:44:58]} {[%emt 00:04:55]} 24. bxc6 {[%clk 00:33:30]} {[%emt
00:04:03]} Qxc6 {[%clk 00:44:23]} {[%emt 00:01:05]} 25. Qc4 {[%clk 00:30:17]}
{[%emt 00:03:42]} Rac8 {[%clk 00:34:37]} {[%emt 00:10:16]} 26. Kf1 {[%clk
00:27:45]} {[%emt 00:03:02]} Qb7 {[%clk 00:32:21]} {[%emt 00:02:46]} 27. Qe2
{[%clk 00:24:48]} {[%emt 00:03:27]} Bb4 {[%clk 00:29:58]} {[%emt 00:02:52]} 28.
Nc4 {[%clk 00:19:06]} {[%emt 00:11:02]} Rxd1+ {[%clk 00:28:42]} 29. Rxd1 {[%clk
00:19:18]} Nxe4 {[%clk 00:27:15]} 30. Qd3 {[%clk 00:17:59]} {[%emt 00:01:01]}
Nxf2 {[%clk 00:25:01]} {[%emt 00:02:43]} 31. Kxf2 {[%clk 00:17:22]} {[%emt
00:01:06]} e4 {[%clk 00:24:53]} {[%emt 00:00:39]} 32. Qb3 {[%clk 00:14:49]}
{[%emt 00:03:03]} exf3 {[%clk 00:24:29]} {[%emt 00:00:54]} 33. gxf3 {[%clk
00:14:03]} {[%emt 00:01:16]} Qc7 {[%clk 00:24:27]} {[%emt 00:00:32]} 34. Ne3
{[%clk 00:13:09]} {[%emt 00:01:24]} Qh2+ {[%clk 00:24:20]} {[%emt 00:00:36]} 35.
Ng2 {[%clk 00:12:59]} {[%emt 00:00:41]} Bc5+ {[%clk 00:24:34]} {[%emt
00:00:17]} 36. Kf1 {[%clk 00:13:11]} {[%emt 00:00:18]} 0-1

[Event "Championnat de la Réunion Individuel 2026"]
[Site "Reunion"]
[Date "????.??.??"]
[Round "10.3"]
[White "MEZOUAGHI, Miloud"]
[Black "LAMBERT HOAREAU, Guillaume"]
[Result "1-0"]
[WhiteTitle "-"]
[BlackTitle "-"]
[WhiteFideId "-"]
[BlackFideId "-"]
[WhiteElo "1994"]
[BlackElo "1901"]

1. c4 {[%clk 01:14:21]} {[%emt 00:01:37]} e6 {[%clk 01:15:49]} {[%emt
00:00:12]} 2. g3 {[%clk 01:14:35]} {[%emt 00:00:16]} d5 {[%clk 01:16:12]}
{[%emt 00:00:07]} 3. Bg2 {[%clk 01:14:51]} {[%emt 00:00:14]} d4 {[%clk
01:16:16]} {[%emt 00:00:27]} 4. Nf3 {[%clk 01:12:47]} {[%emt 00:02:33]} Nc6
{[%clk 01:16:32]} {[%emt 00:00:15]} 5. O-O {[%clk 01:09:54]} {[%emt 00:03:22]}
Nf6 {[%clk 01:16:02]} {[%emt 00:01:00]} 6. e3 {[%clk 01:03:57]} {[%emt
00:06:27]} e5 {[%clk 01:13:50]} {[%emt 00:02:43]} 7. exd4 {[%clk 00:55:35]}
{[%emt 00:08:53]} e4 {[%clk 01:12:38]} {[%emt 00:01:42]} 8. Re1 {[%clk
00:47:45]} {[%emt 00:08:19]} Be7 {[%clk 01:11:55]} {[%emt 00:01:13]} 9. Ng5
{[%clk 00:47:20]} {[%emt 00:00:55]} Qxd4 {[%clk 01:11:29]} {[%emt 00:00:57]} 10.
Nxe4 {[%clk 00:42:50]} {[%emt 00:04:59]} O-O {[%clk 01:10:43]} {[%emt
00:01:16]} 11. d3 {[%clk 00:20:45]} {[%emt 00:22:35]} Bg4 {[%emt 00:16:11]} 12.
Qb3 Ne5 {[%clk 00:50:33]} {[%emt 00:07:46]} 13. Bg5 {[%clk 00:05:06]} {[%emt
00:13:53]} Nxd3 {[%emt 00:15:18]} 14. Bxf6 {[%clk 00:02:51]} {[%emt 00:00:02]}
gxf6 15. Re3 {[%clk 00:02:51]} Rad8 {[%clk 00:30:07]} {[%emt 00:11:08]} 16.
Nbc3 {[%clk 00:02:44]} Nc5 {[%clk 00:24:55]} {[%emt 00:05:02]} 17. Nxc5 {[%clk
00:02:09]} {[%emt 00:01:04]} Bxc5 {[%clk 00:25:23]} {[%emt 00:00:02]} 18. h3
{[%clk 00:01:49]} {[%emt 00:00:51]} Qd2 {[%clk 00:24:56]} {[%emt 00:00:57]} 19.
Ne4 {[%clk 00:02:01]} {[%emt 00:00:18]} Qd4 {[%clk 00:24:00]} {[%emt 00:01:25]}
20. Nxc5 {[%clk 00:02:08]} {[%emt 00:00:23]} Bd1 {[%clk 00:24:26]} {[%emt
00:00:04]} 21. Qa3 {[%clk 00:01:31]} {[%emt 00:01:08]} Rfe8 {[%clk 00:24:04]}
{[%emt 00:00:52]} 22. Rxe8+ {[%clk 00:01:28]} {[%emt 00:00:33]} Rxe8 {[%clk
00:24:28]} {[%emt 00:00:05]} 23. Qb4 {[%clk 00:01:16]} {[%emt 00:00:42]} Re2
{[%clk 00:24:12]} {[%emt 00:00:47]} 24. Ne4 {[%clk 00:01:08]} {[%emt 00:00:38]}
Bc2 {[%clk 00:21:13]} {[%emt 00:03:28]} 25. Qc3 {[%clk 00:01:18]} {[%emt
00:00:20]} Qb6 {[%clk 00:21:32]} {[%emt 00:00:11]} 26. c5 {[%clk 00:01:40]}
{[%emt 00:00:08]} Qe6 {[%clk 00:21:43]} {[%emt 00:00:19]} 27. Nxf6+ {[%clk
00:01:57]} {[%emt 00:00:13]} Kf8 {[%clk 00:22:06]} {[%emt 00:00:07]} 28. Ng4
{[%clk 00:01:59]} {[%emt 00:00:28]} Qf5 {[%clk 00:21:58]} {[%emt 00:00:38]} 29.
Re1 {[%clk 00:02:04]} {[%emt 00:00:26]} 1-0

[Event "Championnat de la Réunion Individuel 2026"]
[Site "Reunion"]
[Date "????.??.??"]
[Round "11.1"]
[White "MEZOUAGHI, Miloud"]
[Black "RIVIERE, Etienne"]
[Result "0-1"]
[WhiteTitle "-"]
[BlackTitle "-"]
[WhiteFideId "-"]
[BlackFideId "-"]
[WhiteElo "1994"]
[BlackElo "2062"]

1. e4 {[%clk 01:10:14]} {[%emt 00:05:45]} e5 {[%clk 01:15:18]} {[%emt
00:00:42]} 2. Nf3 {[%clk 01:09:39]} {[%emt 00:01:04]} Nc6 {[%clk 01:15:38]}
{[%emt 00:00:10]} 3. Bb5 {[%clk 01:09:21]} {[%emt 00:00:49]} g6 {[%clk
01:15:27]} {[%emt 00:00:41]} 4. d3 {[%clk 01:02:28]} {[%emt 00:07:23]} Bg7
{[%clk 01:15:20]} {[%emt 00:00:36]} 5. a4 {[%clk 00:58:21]} {[%emt 00:04:37]}
Nge7 {[%clk 01:14:02]} {[%emt 00:01:48]} 6. Nc3 {[%clk 00:53:36]} {[%emt
00:05:15]} O-O {[%clk 01:12:13]} {[%emt 00:02:19]} 7. a5 {[%clk 00:51:43]}
{[%emt 00:02:24]} Nd4 {[%clk 01:06:18]} {[%emt 00:06:25]} 8. Bc4 {[%clk
00:34:46]} {[%emt 00:17:27]} c6 {[%clk 01:02:03]} {[%emt 00:04:45]} 9. Bg5
{[%clk 00:26:14]} {[%emt 00:09:02]} h6 {[%clk 00:59:47]} {[%emt 00:02:45]} 10.
Be3 {[%clk 00:15:11]} {[%emt 00:11:33]} d5 {[%clk 00:57:50]} {[%emt 00:02:27]}
11. exd5 {[%clk 00:08:27]} {[%emt 00:07:14]} cxd5 {[%clk 00:56:43]} {[%emt
00:01:37]} 12. Ba2 {[%clk 00:06:39]} {[%emt 00:02:18]} Nxf3+ {[%clk 00:55:33]}
{[%emt 00:01:39]} 13. Qxf3 {[%clk 00:06:41]} {[%emt 00:00:28]} d4 {[%clk
00:54:26]} {[%emt 00:01:37]} 14. Bd2 {[%clk 00:02:13]} {[%emt 00:04:59]} dxc3
{[%clk 00:53:40]} {[%emt 00:01:16]} 15. bxc3 {[%clk 00:02:18]} {[%emt
00:00:24]} Bd7 {[%clk 00:50:54]} {[%emt 00:03:16]} 16. O-O {[%clk 00:02:16]}
{[%emt 00:00:32]} Bc6 {[%clk 00:49:55]} {[%emt 00:01:29]} 17. Qh3 {[%clk
00:02:10]} {[%emt 00:00:36]} Nf5 {[%clk 00:47:22]} {[%emt 00:03:02]} 18. f4
{[%clk 00:01:44]} {[%emt 00:00:57]} e4 {[%clk 00:44:19]} {[%emt 00:05:16]} 19.
dxe4 {[%clk 00:00:00]} 0-1

[Event "Championnat de la Réunion Individuel 2026"]
[Site "Reunion"]
[Date "????.??.??"]
[Round "11.2"]
[White "PAYET, Nathan"]
[Black "LAMBERT HOAREAU, Guillaume"]
[Result "0-1"]
[WhiteTitle "-"]
[BlackTitle "-"]
[WhiteFideId "-"]
[BlackFideId "-"]
[WhiteElo "1913"]
[BlackElo "1901"]

1. e4 {[%clk 01:15:56]} {[%emt 00:00:03]} c5 {[%clk 01:15:27]} {[%emt
00:00:33]} 2. Nf3 {[%clk 01:16:21]} {[%emt 00:00:05]} Nc6 {[%clk 01:15:45]}
{[%emt 00:00:12]} 3. d4 {[%clk 01:16:44]} {[%emt 00:00:06]} cxd4 {[%clk
01:16:11]} {[%emt 00:00:04]} 4. Nxd4 {[%clk 01:17:06]} {[%emt 00:00:08]} e5
{[%clk 01:16:30]} {[%emt 00:00:12]} 5. Nb5 {[%clk 01:17:09]} {[%emt 00:00:27]}
d6 {[%clk 01:16:54]} {[%emt 00:00:06]} 6. N1c3 {[%clk 01:17:34]} {[%emt
00:00:04]} a6 {[%clk 01:17:15]} {[%emt 00:00:10]} 7. Na3 {[%clk 01:17:59]}
{[%emt 00:00:05]} Be6 {[%clk 01:17:41]} {[%emt 00:00:04]} 8. Nc4 {[%clk
01:18:20]} {[%emt 00:00:09]} b5 {[%clk 01:17:37]} {[%emt 00:00:35]} 9. Ne3
{[%clk 01:18:39]} {[%emt 00:00:10]} Nf6 {[%clk 01:17:24]} {[%emt 00:00:43]} 10.
Bd3 {[%clk 01:17:26]} {[%emt 00:01:42]} g6 {[%clk 01:17:32]} {[%emt 00:00:23]}
11. O-O {[%clk 01:10:51]} {[%emt 00:07:03]} Bg7 {[%clk 01:17:53]} {[%emt
00:00:10]} 12. a3 {[%clk 01:03:38]} {[%emt 00:07:43]} O-O {[%clk 01:14:43]}
{[%emt 00:03:38]} 13. Ncd5 {[%clk 00:52:39]} {[%emt 00:11:30]} Bxd5 {[%clk
00:52:08]} {[%emt 00:23:05]} 14. Nxd5 {[%clk 00:50:16]} {[%emt 00:02:53]} Nxd5
{[%clk 00:52:21]} {[%emt 00:00:17]} 15. exd5 {[%clk 00:50:44]} {[%emt
00:00:02]} Na5 {[%clk 00:49:52]} {[%emt 00:02:59]} 16. a4 {[%clk 00:37:47]}
{[%emt 00:13:27]} Nc4 {[%clk 00:44:00]} {[%emt 00:06:21]} 17. Qe2 {[%clk
00:27:19]} {[%emt 00:10:58]} Rc8 {[%clk 00:29:29]} {[%emt 00:15:01]} 18. axb5
{[%clk 00:22:25]} {[%emt 00:05:24]} axb5 {[%clk 00:29:40]} {[%emt 00:00:19]} 19.
Ra6 {[%clk 00:19:46]} {[%emt 00:03:09]} Ra8 {[%clk 00:20:12]} {[%emt 00:09:59]}
20. Rxa8 {[%clk 00:17:50]} {[%emt 00:02:27]} Qxa8 {[%clk 00:20:20]} {[%emt
00:00:22]} 21. Bxc4 {[%clk 00:18:14]} {[%emt 00:00:05]} bxc4 {[%clk 00:20:32]}
{[%emt 00:00:18]} 22. Qxc4 {[%clk 00:18:43]} {[%emt 00:00:01]} f5 {[%clk
00:18:47]} {[%emt 00:02:15]} 23. f3 {[%clk 00:16:31]} {[%emt 00:02:42]} Re8
{[%clk 00:16:38]} {[%emt 00:02:40]} 24. Re1 {[%clk 00:14:57]} {[%emt 00:02:04]}
Qa5 {[%clk 00:11:36]} {[%emt 00:05:32]} 25. c3 {[%clk 00:13:53]} {[%emt
00:01:33]} Rb8 {[%clk 00:11:59]} {[%emt 00:00:07]} 26. b4 {[%clk 00:12:21]}
{[%emt 00:02:02]} Qd8 {[%clk 00:12:28]} {[%emt 00:00:01]} 27. Bd2 {[%clk
00:12:20]} {[%emt 00:00:30]} Rc8 {[%clk 00:12:39]} {[%emt 00:00:20]} 28. Qd3
{[%clk 00:11:46]} {[%emt 00:01:04]} Qc7 {[%clk 00:12:27]} {[%emt 00:00:42]} 29.
Rc1 {[%clk 00:11:18]} {[%emt 00:00:58]} Re8 {[%clk 00:12:56]} {[%emt 00:00:01]}
30. c4 {[%clk 00:09:45]} {[%emt 00:02:03]} e4 {[%clk 00:12:31]} {[%emt
00:00:55]} 31. fxe4 {[%clk 00:09:14]} {[%emt 00:01:01]} fxe4 {[%clk 00:12:31]}
{[%emt 00:00:30]} 32. Qe2 {[%clk 00:08:59]} {[%emt 00:00:44]} Qb7 {[%clk
00:12:19]} {[%emt 00:00:42]} 33. Qe3 {[%clk 00:07:31]} {[%emt 00:01:58]} Be5
{[%clk 00:06:11]} {[%emt 00:06:38]} 34. g3 {[%clk 00:07:13]} {[%emt 00:00:47]}
Qg7 {[%clk 00:04:58]} {[%emt 00:01:44]} 35. Bc3 {[%clk 00:06:57]} {[%emt
00:00:47]} Rf8 {[%clk 00:05:22]} {[%emt 00:00:05]} 36. Bxe5 {[%clk 00:05:38]}
{[%emt 00:01:49]} Qxe5 {[%clk 00:05:51]} {[%emt 00:00:01]} 37. Re1 {[%clk
00:05:04]} {[%emt 00:01:03]} Re8 {[%clk 00:06:20]} {[%emt 00:00:02]} 38. b5
{[%clk 00:04:47]} {[%emt 00:00:47]} Qb2 {[%clk 00:06:31]} {[%emt 00:00:18]} 39.
Re2 {[%clk 00:04:53]} {[%emt 00:00:24]} Qb4 {[%clk 00:05:54]} {[%emt 00:01:07]}
40. Qd4 {[%clk 00:04:21]} {[%emt 00:01:02]} Qb1+ {[%clk 00:06:11]} {[%emt
00:00:14]} 41. Kg2 {[%clk 00:04:20]} {[%emt 00:00:31]} Qb3 {[%clk 00:06:18]}
{[%emt 00:00:23]} 42. Re3 {[%clk 00:03:44]} {[%emt 00:01:06]} Qc2+ {[%clk
00:06:20]} {[%emt 00:00:28]} 43. Kh3 {[%clk 00:03:40]} {[%emt 00:00:34]} Qf2
{[%clk 00:06:25]} {[%emt 00:00:25]} 44. b6 {[%clk 00:00:33]} {[%emt 00:03:37]}
Re5 {[%clk 00:03:31]} {[%emt 00:03:24]} 45. Rxe4 {[%clk 00:00:33]} {[%emt
00:00:30]} Rh5+ {[%clk 00:03:21]} {[%emt 00:00:39]} 46. Rh4 {[%clk 00:00:44]}
{[%emt 00:00:19]} Qf1+ {[%clk 00:03:16]} {[%emt 00:00:36]} 0-1